Normal view
MARC view
- Ramos Revillas, Antonio,
Entry Nombre Personal
001 - NUMERO DE CONTROL
- campo de control: 33133
003 - IDENTIFICADOR DE NUMERO DE CONTROL
- campo de control: UPN
005 - FECHA Y HORA DE LA ÜLTIMA TRANSACCIÓN
- campo de control: 20210219194439.0
008 - DATOS DE LONGITUD FIJA
- campo de control de longitud fija: nabaccnnaabn|||||||||| b |nc|||||d
035 ## - NUMERO DE CONTROL
- Número de control: UPN11000005240
040 ## - FUENTE DE CATALOGACIÓN
- Lenguaje de catalogación: SPA
- Agencia de transcripción: UPN
053 #4 - NÚMERO DE CLASIFICACIÓN LC
- Número de clasificación elemento-número único o número inicial de tramo: PQ7298.28 A4.6
- Número de clasificación número de tramo final del elemento: C3.6
100 1# - ENCABEZAMIENTO - NOMBRE PERSONAL
- Nombre personal: Ramos Revillas, Antonio,
- Fechas asociadas con el nombre: 1977-
670 ## - FUENTE EN LA QUE SE LOCALIZARON DATOS
- Cita de la fuente: T
- Información localizada: El cantante de muertos
680 ## - NOTA PUBLICA DE ACCESO PÚBLICO
- Frase explicativa de la referencia: Escritor mexicano
902 ## - CATALOGADOR
- Catalogador: MMA/080213
